| 000 | 00547nam a22001697a 4500 | ||
|---|---|---|---|
| 003 | OSt | ||
| 005 | 20240717073302.0 | ||
| 008 | 240717b |||||||| |||| 00| 0 eng d | ||
| 020 | _a971-0412-85-3 | ||
| 040 |
_aDWC- Main Lib _cOC |
||
| 082 | _aFil. 307.1 D331n 2015 | ||
| 245 | _aNSTP National development via national service training program (CWTS 2) | ||
| 250 | _aRevised edition | ||
| 260 |
_a Mandaluyong, Philippines : _bBooks Atbp. Publishing Corp., _cc2015. |
||
| 300 |
_axii, 182 pages : _billustrations ; _c23cm. |
||
| 942 |
_2ddc _cBK - FIL _n1 |
||
| 999 |
_c2326 _d2326 |
||